00783nam a2200205 450000100100000000500170001000800410002704000250006810000350009324501010012826000310022930000210026049000390028150000220032050400320034265000350037483000460040995201050045599900170056000001995320200929170214.0700601s1970 xxu b 001 0 eng  aDO-SdBNPcspadBNPHU1 aMelvin, Kenneth Hector.94254510aEducation in world affairs :ba realistic approach to international education /cKenneth Melvin. aLexington :bHeath,c1970. a198 p. ;c24 cm.14aThe Heath foundations of education aIncluye índice. aBibliography: p. [187]-194. 0aInternational education942546 0aThe Heath foundations of education942547 001050718MOaGRbGRcCTd2010-07-09iLF1l0o p19953-10r2020-06-25w2020-06-25y1ZNo se presta c19466d19466